|
|
|
|
| LEADER |
01098nam a22003012a 4500 |
| 001 |
000919547 |
| 003 |
CZ BrMZK |
| 005 |
20121122125418.0 |
| 007 |
ta |
| 008 |
081103s1983 xr er|||||||||||cze d |
| 015 |
|
|
|a cnb000008108
|
| 035 |
|
|
|a (OCoLC)39584517
|
| 040 |
|
|
|a BOA001
|b cze
|
| 080 |
9 |
|
|a 621.9-523.8(075.8)
|
| 080 |
9 |
|
|a 681.3(075.8)
|
| 080 |
9 |
|
|a 378.662
|
| 100 |
1 |
|
|a Kocman, Karel,
|d 1937-
|7 jn20000710227
|4 aut
|
| 245 |
1 |
0 |
|a Speciální technologie II :
|b základy optimalizace a technologie obrábění na NC strojích : návody do cvičení /
|c Karel Kocman, Petr Šimonek
|
| 250 |
|
|
|a 1. vyd.
|
| 260 |
|
|
|a Brno :
|b Vysoké učení technické,
|c 1983
|
| 300 |
|
|
|a 66 s.
|
| 700 |
1 |
|
|a Šimonek, Petr
|7 mzk2012734364
|4 aut
|
| 910 |
|
|
|a BOA001
|b 4-0873.086
|
| 964 |
|
|
|a Číslicově řízené obráběcí stroje - učebnice - vysoké školy
|
| 990 |
|
|
|a BK
|
| 991 |
|
|
|b 200811
|
| 996 |
6 |
|
|b BC-615516
|c 4-0873.086
|l MZK
|r Sklad / do 1 hodiny
|n 0
|w 000919547
|u 000010
|a 1
|e BOA001
|j MZK50
|s P
|
| 996 |
6 |
|
|b BC-615517
|c 4-0873.086
|l MZK
|r Sklad / do 1 hodiny
|n 0
|w 000919547
|u 000020
|a 1
|e BOA001
|j MZK50
|s P
|